| 000 | 00561nam a2200229Ia 4500 | ||
|---|---|---|---|
| 003 | OSt | ||
| 005 | 20250624114213.0 | ||
| 008 | 210423s2011 xx 000 0 und d | ||
| 020 | _a81-7033-654-6 | ||
| 040 | _cAL | ||
| 041 | _aeng | ||
| 082 |
_a001.42 _223 _b AHUR |
||
| 100 |
_aRam Ahuja _9120869 |
||
| 245 | _aResearch methods | ||
| 260 |
_aJaipur _bRawat Publications _c2011 |
||
| 300 |
_avii,454 _bHB _c22x14cm. |
||
| 365 |
_b750 _cINR |
||
| 650 |
_aGeneral _9120870 |
||
| 650 |
_aResearch _9120871 |
||
| 906 | _amethods ; Research | ||
| 942 |
_2ddc _cBK |
||
| 999 |
_c176061 _d176061 |
||